000 00895nmm a2200265 a 4500
001 ocm000656105
003 TR-IsHL
005 20201028135920.0
008 131212s2009 tu tur
007 cr cn
020 _a9789944212755
035 _a656105
_b(N$T)
050 0 4 _aDR438.5
_b.B69 2009
090 0 4 _aDR438.5
_b.B69 2009
100 1 _aBozdağ, İsmet
245 1 0 _aSultan Abdülhamidin hatıra defteri
_h[electronic resource] /
_cİsmet Bozdağ
260 _aİstanbul :
_bTruva Yayınları,
_c2009
300 _a264 p.
650 4 _aTarih
650 4 _aHistory
650 0 _aTürkiye
_x Tarih
_x II Abdülhamid, 1876-1909
650 0 _aTurkey
_x History
_x Abdülhamid II, 1876-1909
650 7 _aBIOGRAPHY & AUTOBIOGRAPHY / Presidents & Heads of State
_2bisacsh
856 4 0 _uhttp://search.ebscohost.com/login.aspx?direct=true&scope=site&db=e011xww&AN=656105
999 _c7002
_d7002